Public administration: for state cicil services and other competitive examinations/

Guardado en:
Detalles Bibliográficos
Autor principal: Laxmikanth M.
Formato: Seriadas
Publicado: New Delhi: McGraw hill educatio (India) private limited, c2011.
Materias:
Etiquetas: Agregar Etiqueta
Sin Etiquetas, Sea el primero en etiquetar este registro!

MARC

LEADER 00000cas a2200000u| 4500
005 20260416053031.0
020 |a 9780071074827  |c TZS 55,000/= 
020 |a 0071074821 
040 |a MCCL  |b eng.  |e AACR 2nd rev. ed. 
082 |a 351 LAX 
100 |a Laxmikanth M. 
245 0 0 |a Public administration:  |b for state cicil services and other competitive examinations/  |c M Laxmikanth 
260 |a New Delhi:  |b McGraw hill educatio (India) private limited,  |c c2011. 
300 |a xiii,982 p.:  |b ill.;  |c 24 cm. 
546 |a eng. 
650 0 |a Public administration 
942 |c BK 
999 |c 12658  |d 12658